| 000 | 00544nam a2200193 4500 | ||
|---|---|---|---|
| 999 |
_c170828 _d170828 |
||
| 005 | 20191226174239.0 | ||
| 010 | _aENG-127256 | ||
| 020 |
_a9789382633341 _c650.00 |
||
| 035 | _aEN-110788 | ||
| 037 | _bDBAD/PUB | ||
| 082 | _a934 | ||
| 100 | _aDwivedi, S.S. | ||
| 245 |
_aSaraswati river & vedic civilization / _cby S.S.Dwivedi |
||
| 260 |
_aAllahabad _bShabad Prakashan _c2015 |
||
| 270 |
_a116/70 Lukerganj _bAllahabad _e211001 |
||
| 300 |
_av;224p. _c22cm(Hb) |
||
| 490 | _vSet of 2 vol. | ||
| 942 |
_2ddc _cEN _h934 _mDWI |
||